Business law and the regulatory environment / (Record no. 343546)
[ view plain ]
| 000 -LEADER | |
|---|---|
| fixed length control field | 01162 a2200253 4500 |
| 020 ## - INTERNATIONAL STANDARD BOOK NUMBER | |
| International Standard Book Number | 0256197164 |
| 020 ## - INTERNATIONAL STANDARD BOOK NUMBER | |
| International Standard Book Number | 9780256197167 |
| 082 04 - DEWEY DECIMAL CLASSIFICATION NUMBER | |
| Classification number | 346.7307 |
| 090 ## - LOCALLY ASSIGNED LC-TYPE CALL NUMBER (OCLC); LOCAL CALL NUMBER (RLIN) | |
| -- | 1009 |
| -- | 1009 |
| 100 1# - MAIN ENTRY--PERSONAL NAME | |
| Personal name | Mallor, Jane P. |
| 245 10 - TITLE STATEMENT | |
| Title | Business law and the regulatory environment / |
| Statement of responsibility, etc. | Jane P. Mallor. |
| 250 ## - EDITION STATEMENT | |
| Edition statement | 10 Sub ed. |
| 260 ## - PUBLICATION, DISTRIBUTION, ETC. | |
| Place of publication, distribution, etc. | [S.l.] : |
| Name of publisher, distributor, etc. | Irwin/McGraw-Hill, |
| Date of publication, distribution, etc. | 1997. |
| 300 ## - PHYSICAL DESCRIPTION | |
| Extent | 1410 p. ; |
| Dimensions | 26 cm. |
| 500 ## - GENERAL NOTE | |
| General note | Hardcover. |
| 520 ## - SUMMARY, ETC. | |
| Summary, etc. | Mallor meets the needs of the two-term business law course. Business majors take the first term and accounting majors usually take the second term in preparation for the CPA exam. Mallor retains the language of the courts. The authors excerpted and edited the cases but did not alter the syntax. Mallor can be easily customized because of digital formatting. |
| 700 1# - ADDED ENTRY--PERSONAL NAME | |
| Personal name | Barnes, A. James. |
| 700 1# - ADDED ENTRY--PERSONAL NAME | |
| Personal name | Bowers, Thomas. |
| 700 1# - ADDED ENTRY--PERSONAL NAME | |
| Personal name | Phillips, Michael J. |
| 700 1# - ADDED ENTRY--PERSONAL NAME | |
| Personal name | Langvardt, Arlen W. |
| 856 40 - ELECTRONIC LOCATION AND ACCESS | |
| Materials specified | Amazon.com |
| Uniform Resource Identifier | <a href="http://www.amazon.com/exec/obidos/ASIN/0256197164/chopaconline-20">http://www.amazon.com/exec/obidos/ASIN/0256197164/chopaconline-20</a> |
| 856 40 - ELECTRONIC LOCATION AND ACCESS | |
| Materials specified | Amazon customer reviews |
| Uniform Resource Identifier | <a href="http://www.chopac.org/cgi-bin/tools/azrev.pl?q=0256197164">http://www.chopac.org/cgi-bin/tools/azrev.pl?q=0256197164</a> |
| 942 ## - ADDED ENTRY ELEMENTS (KOHA) | |
| Institution code [OBSOLETE] | NBS |
| Koha item type | Book |
| Call number prefix | 346.7307 MAL |
| Withdrawn status | Lost status | Damaged status | Not for loan | Permanent Location | Current Location | Date acquired | Total Checkouts | Full call number | Barcode | Date last seen | Date last checked out | Price effective from | Koha item type |
|---|---|---|---|---|---|---|---|---|---|---|---|---|---|
| NUST Law School (NLS) | NUST Law School (NLS) | 08/28/2013 | 1 | 346.7307 MAL | NBS4700 | 11/23/2017 | 08/18/2017 | 08/28/2013 | Book |
